| 000 -LEADER |
| fixed length control field |
00975nam a22002897a 4500 |
| 001 - CONTROL NUMBER |
| control field |
19629 |
| 003 - CONTROL NUMBER IDENTIFIER |
| control field |
BD-DhUAP |
| 005 - DATE AND TIME OF LATEST TRANSACTION |
| control field |
20200226155620.0 |
| 008 - FIXED-LENGTH DATA ELEMENTS--GENERAL INFORMATION |
| fixed length control field |
200226r20051997enka b 001 0 eng d |
| 020 ## - INTERNATIONAL STANDARD BOOK NUMBER |
| International Standard Book Number |
9780500280256 |
| 020 ## - INTERNATIONAL STANDARD BOOK NUMBER |
| International Standard Book Number |
0500280258 |
| 040 ## - CATALOGING SOURCE |
| Original cataloging agency |
DLC |
| Transcribing agency |
DLC |
| Modifying agency |
BD-DhUAP |
| Language of cataloging |
Eng |
| 082 00 - DEWEY DECIMAL CLASSIFICATION NUMBER |
| Edition number |
23 |
| Classification number |
720.92 KAH |
| 100 1# - MAIN ENTRY--PERSONAL NAME |
| Personal name |
Kahn, Louis I. |
| 9 (RLIN) |
31825 |
| 245 10 - TITLE STATEMENT |
| Title |
Louis I. Kahn : |
| Remainder of title |
in the realm of architecture / |
| Statement of responsibility, etc. |
Louis I. Kahn, David B. Brownlee and David G. De Long. |
| 260 ## - PUBLICATION, DISTRIBUTION, ETC. |
| Place of publication, distribution, etc. |
London : |
| Name of publisher, distributor, etc. |
Thames & Hudson, |
| Date of publication, distribution, etc. |
c1997 [Reprinted 2005]. |
| 300 ## - PHYSICAL DESCRIPTION |
| Extent |
272 pages : |
| Other physical details |
illustrations ; |
| Dimensions |
23 cm. cm. |
| 500 ## - GENERAL NOTE |
| General note |
Includes index. |
| 526 ## - STUDY PROGRAM INFORMATION NOTE |
| Program name |
ARC |
| 600 10 - SUBJECT ADDED ENTRY--PERSONAL NAME |
| Personal name |
Kahn, Louis I., |
| Dates associated with a name |
1901-1974 |
| General subdivision |
Criticism and interpretation. |
| 9 (RLIN) |
31826 |
| 650 #0 - SUBJECT ADDED ENTRY--TOPICAL TERM |
| Topical term or geographic name entry element |
Architecture |
| Geographic subdivision |
United States |
| General subdivision |
History |
| Chronological subdivision |
20th century. |
| 9 (RLIN) |
31827 |
| 700 1# - ADDED ENTRY--PERSONAL NAME |
| Personal name |
Brownlww, David B. |
| 9 (RLIN) |
31828 |
| 700 1# - ADDED ENTRY--PERSONAL NAME |
| Personal name |
De Long, David Gilson. |
| 942 ## - ADDED ENTRY ELEMENTS (KOHA) |
| Source of classification or shelving scheme |
|
| Koha item type |
Book |